000 01593cam a2200241 4500
008 000000n2000 000 0 eng u
035 _a(Sirsi) u110600
100 _aPearce, B.
245 _aMediappeal: a new kind of appeal procedure?
260 _c2000
490 _aJournal of Planning and Environment Law
_v2000, 1240-1245(6)
520 _aIntroduces the concept of mediappeal in planning disputes, Mediation-Arbitration (Med-Arb), whereby the Planning Inspector acts initially as mediator but if that process fails assumes the role of arbitrator, issuing a final and binding decision. Mediappeal has similar benefits to mediation in that it is cheaper, more flexible and quicker than the appeal process, but with added incentives for the parties to agree. Recent research in the United States has, however, suggested that mediappeal diminishes the flexibility of mediation; that there are difficulties deciding when the mediation phase should end and arbitration should begin; that the different parties can introduce differing facts at different stages of the case; and that the Inspector's capacity to act as adjudicator can be compromised. Concludes that on the whole, mediappeal, is less than the sum of the parts, mediation and arbitration.
590 _aABS
650 _aDISPUTE RESOLUTION
_96236
650 _aMED-ARB
650 _aMEDIAPPEAL
650 _aMEDIATION
650 _aMEDIATION-ARBITRATION
650 _aPLANNING APPEAL PROCEDURES
650 _aPLANNING APPEALS
690 _aENVIRONMENTAL AND LAND CONSULTANCY-PLANNING AND DEVELOPMENT
942 _n0
999 _c65913
_d65913